Entomologica scandinavica (Registro nro. 19973)

Detalles MARC
000 -CABECERA
Campo de control 00819nas a2200241 a 4500
005 - FECHA Y HORA DE LA ULTIMA TRANSACCION
Campo de control 20171122143140.0
008 - ELEMENTOS DE LONGITUD FIJA—INFORMACION GENERAL
Campo de control 910704c19701999dk uu p 0 0eng d
022 ## - ISSN
ISSN 0013-8711
040 ## - FUENTE DE CATALOGACIÓN
Agencia catalogadora original CO-BoIAVH
Agencia transcriptora CO-BoIAVH
041 0# - IDIOMA
Código de idioma para texto/pista de sonido o título separado Inglés
044 ## - PAÍS DE PUBLICACIÓN
País de publicación Dinamarca
090 ## - CLASIFICACIÓN LOCAL
Colección SE
245 00 - MENCION DE TITULO
Título Entomologica scandinavica
246 41 - FORMA VARIANTE DEL TITULO
Título propiamente dicho/forma breve del título Entomologica scandinavica
Parte restante del título An International Journal of Systematic Entomology
260 ## - PUBLICACION, DISTRIBUCION, ETC. (PIE DE IMPRENTA)
Lugar de publicación, distribución, etc. Copenague (Noruega) :
Nombre del editor, distribuidor, etc. Munksgaard ;
Lugar de publicación, distribución, etc. Svendborg (Dinamarca) :
Nombre del editor, distribuidor, etc. Apollo Books,
Fecha de publicación, distribución, etc. 1970-99.
300 ## - DESCRIPCION FISICA
Otros detalles físicos ilustraciones ;
Dimensiones 24 cm.
310 ## - FRECUENCIA ACTUAL DE LA PUBLICACIÓN
Frecuencia actual de la publicación Trimestral
650 26 - ASIENTO SECUNDARIO DE MATERIA - TERMINO TEMATICO
Término temático o nombre geográfico como elemento de entrada Entomología
Subdivisión de forma Publicaciones periódicas
9 (RLIN) 87085
650 26 - ASIENTO SECUNDARIO DE MATERIA - TERMINO TEMATICO
Término temático o nombre geográfico como elemento de entrada Insecta
Subdivisión de forma Publicaciones periódicas
9 (RLIN) 87086
710 2# - ASIENTO SECUNDARIO - NOMBRE CORPORATIVO
Nombre corporativo o de jurisdicción como elemento de entrada Societas Entomologica Scandinavica
9 (RLIN) 87087
785 00 - SUCCEEDING ENTRY
Title Insect systematics and evolution
International Standard Serial Number 0013-8711
942 ## - ELEMENTOS ADICIONALES (KOHA)
Sistema de clasificación Local
Tipo de ítem Periodica o revista
Existencias
Withdrawn status Lost status Sistema de Clasificación Damaged status No para préstamo Colección Fecha publicación (Año) Volumen revista Número revista Inventariado Ubicación Permanente Ubicación actual Fecha de adquisición Datos de publicación Seriada Total Checkouts Número topográfico Inventario / Código de Barras Date last seen Ejemplar Price effective from Forma de adquisición Tipo de material
    Local     Hemeroteca 1990 21 2 Inventariado 2017 Bogotá Bogotá 22/11/2017 Vol 21, Nro 2 (1990)   SE 043051 22/11/2017 Ej. 1 22/11/2017 Donación Periodica o revista